00390pab a2200145 454500008004000000100002100040245005200061260000900113300001300122362001200135650002200147650001800169650001400187773004300201180718b2014 xxu||||| |||| 00| 0 eng d aSingh, Aprajeeta aSelf help groups and women empowerment in India c2014 ap.37-44. aJan-Dec aSelf help - India aWomen - India aSelf help aBihar Journal of Public Administration